[Event "2. Bundesliga West"]
[Site "?"]
[Date "2007.01.26"]
[Round "7.4"]
[White "Marchhart, Matthias"]
[Black "Burschowsky, Matthias"]
[Result "0-1"]
[WhiteElo "2162"]
[BlackElo "2211"]
[PlyCount "74"]
[EventDate "2007.01.28"]
[SourceDate "2006.10.21"]

1. e4 c5 2. Nf3 e6 3. d4 cxd4 4. Nxd4 Nf6 5. Bd3 Nc6 6. Nxc6 bxc6 7. O-O Qc7 8.
Qe2 d6 9. b3 Be7 10. Bb2 e5 11. f4 O-O 12. Nd2 Bg4 13. Qf2 exf4 14. Qxf4 Bh5
15. Rae1 Bg6 16. Nc4 Rad8 17. Ne3 Qd7 18. c4 Rfe8 19. Nf5 Bxf5 20. exf5 d5 21.
Kh1 d4 22. Rd1 a5 23. Be2 c5 24. Bf3 Bd6 25. Qh4 Re5 26. g4 Rde8 27. Bc1 Ne4
28. Bf4 R5e7 29. Bg2 Nc3 30. Bxd6 Qxd6 31. f6 Re6 32. Rd2 Rxf6 33. Rxf6 Qxf6
34. Qxf6 gxf6 35. Rf2 Re1+ 36. Bf1 Nd1 37. Rxf6 Ne3 0-1

[Event "2. Bundesliga West"]
[Site "?"]
[Date "2007.01.26"]
[Round "7.4"]
[White "Baldauf, Marco"]
[Black "Lickleder, Andreas"]
[Result "0-1"]
[WhiteElo "2155"]
[BlackElo "2235"]
[PlyCount "76"]
[EventDate "2007.01.28"]
[SourceDate "2006.10.21"]

1. e4 c5 2. Nf3 d6 3. d4 cxd4 4. Nxd4 Nf6 5. Nc3 a6 6. Be3 e5 7. Nf3 Qc7 8. a4
b6 9. Bg5 Nbd7 10. Nd2 Bb7 11. Bc4 Be7 12. Qe2 O-O 13. Nf1 b5 14. Bb3 b4 15.
Bxf6 Nxf6 16. Nd5 Nxd5 17. exd5 f5 18. f3 Bg5 19. Ng3 Qc5 20. Rd1 Rae8 21. Rf1
Bh4 22. Rf2 Qb6 23. Kf1 h6 24. Kg1 f4 25. Ne4 Bxf2+ 26. Qxf2 Qc7 27. a5 Rc8 28.
Ra1 Rfd8 29. Qd2 Rb8 30. Qxb4 Bc8 31. Qd2 Bf5 32. Nc3 Rb4 33. Kh1 Rdb8 34. Qe2
Qc8 35. Ra4 Rxa4 36. Bxa4 Rxb2 37. Bc6 Rxc2 38. Qe1 Qb8 0-1

[Event "2. Bundesliga West"]
[Site "?"]
[Date "2007.01.26"]
[Round "7.5"]
[White "Schmidt, Georg"]
[Black "Dobosz, Henryk"]
[Result "1/2-1/2"]
[WhiteElo "2374"]
[BlackElo "2419"]
[PlyCount "27"]
[EventDate "2007.01.28"]
[SourceDate "2006.10.21"]

1. e4 c6 2. d4 d5 3. exd5 cxd5 4. c4 Nf6 5. Nc3 e6 6. Nf3 Bb4 7. cxd5 Nxd5 8.
Bd2 Nc6 9. Be2 O-O 10. O-O Be7 11. Qb3 Bf6 12. Nxd5 Qxd5 13. Bc4 Qf5 14. Bd3
1/2-1/2

[Event "2. Bundesliga West"]
[Site "?"]
[Date "2007.01.26"]
[Round "7.5"]
[White "Eisenbeiser, Amadeus"]
[Black "Opl, Klaus"]
[Result "1/2-1/2"]
[WhiteElo "2352"]
[BlackElo "2324"]
[PlyCount "39"]
[EventDate "2007.01.28"]
[SourceDate "2006.10.21"]

1. e4 e5 2. Nf3 Nc6 3. Bb5 a6 4. Ba4 Nf6 5. d3 b5 6. Bb3 Be7 7. O-O O-O 8. Re1
h6 9. c3 Re8 10. Nbd2 Bf8 11. Nf1 Bb7 12. Ng3 Na5 13. Bc2 d5 14. Qe2 c5 15.
exd5 Qxd5 16. Ne4 Nxe4 17. dxe4 Qe6 18. b3 Nc6 19. Bb2 Ne7 20. Rad1 1/2-1/2

[Event "2. Bundesliga West"]
[Site "?"]
[Date "2007.01.26"]
[Round "7.5"]
[White "Enigl, Karl"]
[Black "Schmidlechner, Alexander"]
[Result "1/2-1/2"]
[WhiteElo "2141"]
[BlackElo "2246"]
[PlyCount "29"]
[EventDate "2007.01.28"]
[SourceDate "2006.10.21"]

1. c4 f5 2. b3 Nf6 3. Bb2 g6 4. Bxf6 exf6 5. g3 Bh6 6. Bg2 O-O 7. e3 d6 8. Ne2
c6 9. Nbc3 Na6 10. d4 Bd7 11. O-O Nc7 12. b4 Kh8 13. d5 Rc8 14. Qd3 Ne8 15.
Rfe1 1/2-1/2

[Event "2. Bundesliga West"]
[Site "?"]
[Date "2007.01.26"]
[Round "7.5"]
[White "Gattenloehner, Sebastian"]
[Black "Peterwagner, Heinz"]
[Result "1-0"]
[WhiteElo "2232"]
[BlackElo "2213"]
[PlyCount "79"]
[EventDate "2007.01.28"]
[SourceDate "2006.10.21"]

1. e4 c5 2. Nf3 Nc6 3. d4 cxd4 4. Nxd4 Nf6 5. Nc3 e5 6. Ndb5 d6 7. Bg5 a6 8.
Na3 b5 9. Nd5 Qa5+ 10. Bd2 Qd8 11. Bd3 Nxd5 12. exd5 Nb8 13. c4 bxc4 14. Nxc4
Nd7 15. Qa4 Rb8 16. Ba5 Qg5 17. O-O Rb5 18. Nb6 Rxb6 19. Bxb6 Be7 20. Be3 Qh4
21. Qxh4 Bxh4 22. Rac1 O-O 23. Bf5 Nb6 24. Bxc8 Nxc8 25. Rc6 Rd8 26. Rfc1 Ne7
27. Rxa6 Nxd5 28. Rd1 Nxe3 29. fxe3 Be7 30. Rc6 Rd7 31. Rc8+ Bd8 32. Rc6 Be7
33. b4 f5 34. b5 Rb7 35. b6 Kf7 36. a4 Ke6 37. a5 Kd7 38. Rdc1 Bd8 39. a6 Rxb6
40. a7 1-0

[Event "2. Bundesliga West"]
[Site "?"]
[Date "2007.01.26"]
[Round "7.5"]
[White "Hamberger, Hermann"]
[Black "Kranz, Armin"]
[Result "0-1"]
[WhiteElo "2105"]
[BlackElo "2163"]
[PlyCount "78"]
[EventDate "2007.01.28"]
[SourceDate "2006.10.21"]

1. e4 e5 2. Bc4 Nf6 3. d3 Nc6 4. Nf3 h6 5. c3 d6 6. Qe2 g6 7. Nbd2 Bg7 8. Nf1
Nh5 9. g3 Bd7 10. Bb3 O-O 11. Ne3 Kh7 12. Bc2 Bh3 13. Bd2 Nf6 14. Rg1 Qd7 15.
g4 Kg8 16. Nh4 d5 17. Rg3 d4 18. Rxh3 dxe3 19. Bxe3 Nxg4 20. Rg3 Nxe3 21. Qxe3
a5 22. O-O-O a4 23. Rdg1 Ne7 24. a3 Ra6 25. Nf5 Nxf5 26. exf5 Qxf5 27. Qf3 Qxf3
28. Rxf3 b5 29. Rg4 c5 30. Rfg3 h5 31. Re4 Kh7 32. Bd1 Rd8 33. Kc2 f5 34. Re1
b4 35. axb4 cxb4 36. Bf3 b3+ 37. Kd2 e4 38. Be2 Bh6+ 39. Kd1 a3 0-1

[Event "2. Bundesliga West"]
[Site "?"]
[Date "2007.01.26"]
[Round "7.5"]
[White "Wallis, Anton"]
[Black "Walkner, Karl"]
[Result "1/2-1/2"]
[WhiteElo "2161"]
[BlackElo "2035"]
[PlyCount "65"]
[EventDate "2007.01.28"]
[SourceDate "2006.10.21"]

1. e4 e6 2. d4 d5 3. Nd2 dxe4 4. Nxe4 Nf6 5. Nxf6+ Qxf6 6. Nf3 Qd8 7. Bd3 Nd7
8. Qe2 Nf6 9. Bg5 Be7 10. O-O-O Nd5 11. h4 f6 12. Bd2 Qd6 13. g3 a5 14. Kb1 c6
15. Ne1 b5 16. Ng2 O-O 17. Nf4 f5 18. Rhe1 Bf6 19. Nxd5 exd5 20. Bf4 Qd8 21.
Be5 Ra7 22. Qd2 Bxe5 23. Rxe5 f4 24. Rde1 Raf7 25. Qe2 Qf6 26. Qh5 g6 27. Qe2
fxg3 28. fxg3 Qf2 29. Qxf2 Rxf2 30. h5 Bf5 31. Bxf5 R8xf5 32. hxg6 hxg6 33. Re6
1/2-1/2

[Event "2. Bundesliga West"]
[Site "?"]
[Date "2007.01.26"]
[Round "7.6"]
[White "Zelcic, Robert"]
[Black "Lanka, Zigurds"]
[Result "1-0"]
[WhiteElo "2563"]
[BlackElo "2498"]
[PlyCount "133"]
[EventDate "2007.01.28"]
[SourceDate "2006.10.21"]

1. e4 c5 2. Nf3 Nc6 3. d4 cxd4 4. Nxd4 Nf6 5. Nc3 d6 6. Bg5 e6 7. Qd3 a6 8.
O-O-O Bd7 9. Be2 Be7 10. Kb1 h6 11. Nxc6 Bxc6 12. Bf4 Qb6 13. Bxd6 O-O-O 14.
Qg3 Bxd6 15. Rxd6 Rxd6 16. Qxd6 Rd8 17. Qf4 Rd4 18. f3 Rb4 19. Qc1 Qc5 20. a3
Rd4 21. Rd1 Rxd1 22. Qxd1 Nh5 23. g3 Nf6 24. Bd3 g5 25. h4 Qf2 26. hxg5 hxg5
27. g4 Nd7 28. Be2 Kc7 29. Qh1 f5 30. Bc4 fxg4 31. fxg4 Kd6 32. Bd5 Ne5 33.
Bxc6 Kxc6 34. Na2 Kb6 35. Nb4 Qd4 36. Qc1 a5 37. Na2 Nc4 38. Nc3 Nxa3+ 39. Ka1
Ka6 40. Ka2 b5 41. Kxa3 b4+ 42. Kb3 bxc3 43. bxc3 a4+ 44. Kb2 Qxe4 45. Qxg5 Qc4
46. Qg7 Qb5+ 47. Ka3 Qc5+ 48. Kxa4 Qc4+ 49. Ka3 Qc5+ 50. Kb2 Qb6+ 51. Kc1 Qe3+
52. Kd1 Qf3+ 53. Kd2 Qf2+ 54. Kd3 Qf1+ 55. Kd4 Qf4+ 56. Kc5 Qb8 57. Qd7 Qe5+
58. Kb4 Qe4+ 59. Qd4 Qxc2 60. Qd6+ Kb7 61. Qd7+ Ka8 62. Qxe6 Qb1+ 63. Kc5 Qg1+
64. Kc6 Qh1+ 65. Qd5 Qh6+ 66. Kc7+ Ka7 67. Qb7# 1-0

[Event "2. Bundesliga West"]
[Site "?"]
[Date "2007.01.26"]
[Round "7.6"]
[White "Maiwald, Jens Uwe"]
[Black "Hecht, Hans Joachim"]
[Result "1-0"]
[WhiteElo "2489"]
[BlackElo "2394"]
[PlyCount "153"]
[EventDate "2007.01.28"]
[SourceDate "2006.10.21"]

1. g3 e5 2. Bg2 d5 3. d3 Nc6 4. c3 a5 5. a4 Be6 6. Nf3 h6 7. Nbd2 Nf6 8. O-O
Be7 9. Qc2 O-O 10. e4 dxe4 11. dxe4 Qd7 12. Re1 Bc5 13. Nb3 Bb6 14. Be3 Bxe3
15. Rxe3 Qe7 16. Bf1 Nd7 17. Bb5 Ncb8 18. Nbd2 c6 19. Bc4 Na6 20. Bxe6 Qxe6 21.
Qb3 Qxb3 22. Nxb3 Nac5 23. Nxc5 Nxc5 24. Nxe5 Rfe8 25. Nc4 Rxe4 26. Rxe4 Nxe4
27. Re1 Nc5 28. Re7 b5 29. axb5 cxb5 30. Re5 bxc4 31. Rxc5 Rb8 32. Rxa5 Rxb2
33. Rc5 Rc2 34. Rxc4 h5 35. h4 g6 36. Kg2 Kg7 37. Rc6 Kf8 38. Rc7 Kg7 39. Kf3
Kf6 40. Ke3 Ke6 41. Rc4 f6 42. Re4+ Kd5 43. Rd4+ Ke5 44. f4+ Ke6 45. Rd3 Rg2
46. Kd4 Kd6 47. Ke4+ Ke6 48. Re3 Rf2 49. Rf3 Re2+ 50. Kd4 Kd6 51. f5 gxf5 52.
Rxf5 Ke6 53. Rf3 Rd2+ 54. Rd3 Rg2 55. Kc5 f5 56. c4 f4 57. gxf4 Rg4 58. Rd4 Kf6
59. f5 Kxf5 60. Kd5 Rg8 61. c5 Rd8+ 62. Kc4 Rc8 63. Kb5 Ke5 64. Rd1 Rb8+ 65.
Kc6 Rc8+ 66. Kb6 Rb8+ 67. Kc6 Rc8+ 68. Kb6 Rb8+ 69. Kc7 Rb4 70. Rh1 Kd5 71. c6
Rc4 72. Rd1+ Ke5 73. Rh1 Kf4 74. Kd6 Kg3 75. c7 Rc2 76. Rg1+ Kxh4 77. Rg6 1-0

[Event "2. Bundesliga West"]
[Site "?"]
[Date "2007.01.26"]
[Round "7.6"]
[White "Krstic, Uros"]
[Black "Gross, David"]
[Result "1/2-1/2"]
[WhiteElo "2347"]
[BlackElo "2478"]
[PlyCount "30"]
[EventDate "2007.01.28"]
[SourceDate "2006.10.21"]

1. e4 c5 2. Nf3 d6 3. d4 cxd4 4. Nxd4 Nf6 5. Nc3 e6 6. Be2 Be7 7. O-O Nc6 8.
Be3 O-O 9. f4 e5 10. Nxc6 bxc6 11. Kh1 exf4 12. Bxf4 Qc7 13. Qe1 Bg4 14. Rd1
Rad8 15. b3 Bxe2 1/2-1/2

[Event "2. Bundesliga West"]
[Site "?"]
[Date "2007.01.26"]
[Round "7.6"]
[White "Tabernig, Bernhard"]
[Black "Bawart, Markus"]
[Result "1/2-1/2"]
[WhiteElo "2292"]
[BlackElo "2334"]
[PlyCount "81"]
[EventDate "2007.01.28"]
[SourceDate "2006.10.21"]

1. d4 Nf6 2. c4 g6 3. Nf3 Bg7 4. Nc3 O-O 5. e4 d6 6. Be2 e5 7. Be3 exd4 8. Nxd4
Re8 9. f3 c6 10. Bf2 d5 11. exd5 cxd5 12. O-O Nc6 13. c5 Nh5 14. Qd2 Be5 15. g3
Bh3 16. Rfd1 Qb8 17. f4 Nxf4 18. gxf4 Bxf4 19. Qd3 Bxh2+ 20. Kh1 Nxd4 21. Bxd4
Bf5 22. Qf3 Be4 23. Nxe4 dxe4 24. Qf6 Be5 25. Bxe5 Qxe5 26. Qxe5 Rxe5 27. b4 a5
28. Rd7 axb4 29. Bc4 Rh5+ 30. Kg2 Rg5+ 31. Kf2 Rf5+ 32. Ke3 Ra3+ 33. Kxe4 Rc3
34. Bb3 Rcxc5 35. Rxb7 g5 36. Kd4 Rc8 37. Rg1 Kg7 38. Ke3 Re8+ 39. Kd3 Rf3+ 40.
Kd2 Rf2+ 41. Kd3 1/2-1/2

[Event "2. Bundesliga West"]
[Site "?"]
[Date "2007.01.26"]
[Round "7.6"]
[White "Ljubic, Juro"]
[Black "Schiestl, Josef"]
[Result "1/2-1/2"]
[WhiteElo "2216"]
[BlackElo "2144"]
[PlyCount "37"]
[EventDate "2007.01.28"]
[SourceDate "2006.10.21"]

1. e4 c5 2. Nf3 e6 3. d4 cxd4 4. Nxd4 a6 5. Bd3 Bc5 6. Nb3 Ba7 7. O-O Nc6 8. a4
d6 9. Kh1 Qh4 10. N1d2 Ne5 11. Nf3 Nxf3 12. Qxf3 Nf6 13. Qg3 Qxg3 14. hxg3 e5
15. f3 Ke7 16. Bd2 Rd8 17. Rae1 Bd7 18. a5 Be6 19. Nc1 1/2-1/2

[Event "2. Bundesliga West"]
[Site "?"]
[Date "2007.01.26"]
[Round "7.6"]
[White "Kroell, Johannes"]
[Black "Stoeckl, Norbert"]
[Result "0-1"]
[WhiteElo "2176"]
[BlackElo "2097"]
[PlyCount "120"]
[EventDate "2007.01.28"]
[SourceDate "2006.10.21"]

1. Nc3 c5 2. g4 Nc6 3. Bg2 d6 4. e4 e5 5. d3 Be6 6. h3 h5 7. g5 h4 8. f4 exf4
9. Bxf4 Nge7 10. Qd2 Ng6 11. Nge2 Nd4 12. Nd5 Bxd5 13. exd5 Ne5 14. Be4 Be7 15.
Nc3 Nb5 16. Rh2 a5 17. O-O-O a4 18. Ne2 Qa5 19. Rg2 O-O-O 20. c4 Qxd2+ 21. Kxd2
Nc7 22. Nc3 a3 23. bxa3 Kb8 24. Rb1 Ka8 25. a4 Nd7 26. Ke3 f6 27. g6 Ne5 28.
Rgb2 Rb8 29. Bf5 Rh5 30. Bg4 Rhh8 31. Bf5 Rh5 32. Be4 f5 33. Bf3 Rhh8 34. Bxe5
dxe5 35. Nb5 Na6 36. d6 Bd8 37. Bd5 Ba5 38. Rf1 Rh5 39. Be6 Rf8 40. Rbf2 f4+
41. Kf3 Rg5 42. Rg2 Rg3+ 43. Rxg3 fxg3+ 44. Bf7 Nb8 45. Kg4 Rh8 46. Bd5 Nd7 47.
Rf7 Nf6+ 48. Rxf6 gxf6 49. Kf3 f5 50. g7 Rb8 51. Nc7+ Ka7 52. Bf7 e4+ 53. dxe4
fxe4+ 54. Ke2 g2 55. Kf2 e3+ 56. Kxg2 e2 57. Ne8 e1=Q 58. g8=Q Qe2+ 59. Kg1 Bc3
60. Qg6 Bd4+ 0-1

[Event "2. Bundesliga West"]
[Site "?"]
[Date "????.??.??"]
[Round "8.1"]
[White "Bromberger, Stefan"]
[Black "Lanka, Zigurds"]
[Result "1-0"]
[WhiteElo "2507"]
[BlackElo "2498"]
[PlyCount "81"]
[EventDate "2007.01.28"]
[SourceDate "2006.10.21"]

1. d4 Nf6 2. c4 g6 3. Nc3 Bg7 4. e4 d6 5. Nf3 O-O 6. Be2 e5 7. O-O Nc6 8. d5
Ne7 9. Ne1 Nd7 10. Be3 f5 11. f3 f4 12. Bf2 g5 13. Rc1 a6 14. Nd3 Rf6 15. c5
Rh6 16. Qa4 Qe8 17. Kh1 Qh5 18. Bg1 dxc5 19. b4 c4 20. Nc5 Nf6 21. Ne6 c6 22.
dxc6 Bxe6 23. cxb7 Re8 24. Qxa6 Qf7 25. Qb5 Rb8 26. Ba7 Qh5 27. Bg1 Kh8 28.
Bxc4 Bd7 29. Qxe5 Nc6 30. Qc7 Qe8 31. Rfd1 g4 32. Ne2 gxf3 33. gxf3 Ne5 34. Bb5
Rxb7 35. Bxd7 Nfxd7 36. Qxb7 Qh5 37. Rf1 Nxf3 38. Rf2 Nfe5 39. Nxf4 Qh4 40.
Rc8+ Nf8 41. Ne6 1-0

[Event "2. Bundesliga West"]
[Site "?"]
[Date "????.??.??"]
[Round "8.1"]
[White "Maiwald, Jens Uwe"]
[Black "Heinzel, Olaf"]
[Result "1/2-1/2"]
[WhiteElo "2489"]
[BlackElo "2384"]
[PlyCount "91"]
[EventDate "2007.01.28"]
[SourceDate "2006.10.21"]

1. g3 e5 2. Bg2 g6 3. c4 Bg7 4. Nc3 Ne7 5. h4 h6 6. d3 Nbc6 7. Rb1 d6 8. b4 Nd4
9. e3 Ne6 10. Nge2 f5 11. f4 c6 12. Qb3 g5 13. Bf3 g4 14. Bg2 O-O 15. Bb2 Nc7
16. Qc2 Be6 17. O-O Ng6 18. c5 exf4 19. Nxf4 Nxf4 20. Rxf4 dxc5 21. bxc5 Qe7
22. Ne2 Bxa2 23. Rbf1 Qxe3+ 24. R4f2 Bd5 25. Bxg7 Kxg7 26. Qb2+ Kg8 27. Nf4 Ne6
28. Ng6 Ng7 29. Qxb7 Qxg3 30. Ne7+ Kh7 31. Nxd5 cxd5 32. Rxf5 Qe3+ 33. Kh2 Rxf5
34. Rxf5 Rg8 35. Bxd5 Qh3+ 36. Kg1 Qg3+ 37. Bg2 Rb8 38. Qe4 Nxf5 39. Qxf5+ Kg7
40. Qd7+ Kf6 41. Qc6+ Ke7 42. Qe4+ Kf8 43. Qf5+ Kg7 44. Qd7+ Kf8 45. Qf5+ Kg7
46. Qd7+ 1/2-1/2

[Event "2. Bundesliga West"]
[Site "?"]
[Date "????.??.??"]
[Round "8.1"]
[White "Gatterer, Florian"]
[Black "Gross, David"]
[Result "0-1"]
[WhiteElo "2206"]
[BlackElo "2478"]
[PlyCount "54"]
[EventDate "2007.01.28"]
[SourceDate "2006.10.21"]

1. f4 d5 2. Nf3 g6 3. e3 Bg7 4. Be2 Nf6 5. O-O O-O 6. d3 c5 7. Nc3 d4 8. Ne4
Qb6 9. Nxf6+ exf6 10. e4 Nc6 11. b3 f5 12. exf5 Bxf5 13. Nh4 Ne7 14. g4 Bd7 15.
f5 Nd5 16. Bf3 Ne3 17. Bxe3 dxe3 18. Rb1 c4 19. Kh1 cxd3 20. Qxd3 Rad8 21. Qe2
Bb5 22. c4 Rd2 23. Qe1 Bc6 24. Ng2 Re8 25. fxg6 hxg6 26. Nf4 Bxf3+ 27. Rxf3 Qd4
0-1

[Event "2. Bundesliga West"]
[Site "?"]
[Date "????.??.??"]
[Round "8.1"]
[White "Fuchs, Georg"]
[Black "Schiestl, Josef"]
[Result "1/2-1/2"]
[WhiteElo "2209"]
[BlackElo "2144"]
[PlyCount "22"]
[EventDate "2007.01.28"]
[SourceDate "2006.10.21"]

1. e4 c5 2. g3 Nc6 3. Bg2 g6 4. Ne2 Bg7 5. O-O e6 6. c3 Nge7 7. Na3 O-O 8. d4
cxd4 9. cxd4 d5 10. e5 Bd7 11. g4 Qb6 1/2-1/2

[Event "2. Bundesliga West"]
[Site "?"]
[Date "????.??.??"]
[Round "8.1"]
[White "Platzgummer, Fabian"]
[Black "Steger, Gerhard"]
[Result "1/2-1/2"]
[WhiteElo "2044"]
[BlackElo "1985"]
[PlyCount "63"]
[EventDate "2007.01.28"]
[SourceDate "2006.10.21"]

1. e4 g6 2. d4 c6 3. Nc3 d5 4. h3 Bg7 5. Nf3 Nf6 6. Bd3 dxe4 7. Nxe4 Nxe4 8.
Bxe4 Nd7 9. O-O O-O 10. Bf4 c5 11. c3 cxd4 12. cxd4 Nf6 13. Bc2 Be6 14. Bb3 Bd5
15. Rc1 Qb6 16. Rc3 Rfc8 17. Be5 Bxb3 18. Qxb3 Qxb3 19. Rxb3 b6 20. Bxf6 Bxf6
21. Rd1 Rc2 22. Ne1 Rc4 23. Rbd3 Rd8 24. Nf3 Rc2 25. R3d2 Rxd2 26. Rxd2 e6 27.
Kf1 Rc8 28. Ke2 Kf8 29. Kd3 Ke7 30. Ng1 Rd8 31. Ne2 e5 32. Kc4 1/2-1/2

[Event "2. Bundesliga West"]
[Site "?"]
[Date "????.??.??"]
[Round "8.2"]
[White "Dobosz, Henryk"]
[Black "Zelcic, Robert"]
[Result "0-1"]
[WhiteElo "2419"]
[BlackElo "2563"]
[PlyCount "54"]
[EventDate "2007.01.28"]
[SourceDate "2006.10.21"]

1. e4 Nf6 2. e5 Nd5 3. d4 d6 4. c4 Nb6 5. exd6 cxd6 6. d5 e6 7. Nc3 Be7 8. Bd3
O-O 9. Nge2 Na6 10. a3 Nc5 11. Bc2 a5 12. Be3 exd5 13. cxd5 Bg4 14. O-O Bh5 15.
f4 Bf6 16. Bxc5 Bxe2 17. Qxe2 dxc5 18. Rad1 Re8 19. Qd3 Bd4+ 20. Kh1 g6 21. f5
Re3 22. Qb5 Nc8 23. fxg6 hxg6 24. Ne4 Qe7 25. d6 Nxd6 26. Nxd6 Qxd6 27. Rxf7
Rh3 0-1

[Event "2. Bundesliga West"]
[Site "?"]
[Date "????.??.??"]
[Round "8.2"]
[White "Hecht, Hans Joachim"]
[Black "Eisenbeiser, Amadeus"]
[Result "1/2-1/2"]
[WhiteElo "2394"]
[BlackElo "2353"]
[PlyCount "21"]
[EventDate "2007.01.28"]
[SourceDate "2006.10.21"]

1. d4 g6 2. c4 Bg7 3. Nc3 d6 4. e4 e5 5. Nge2 exd4 6. Nxd4 Ne7 7. g3 Nbc6 8.
Be3 O-O 9. Qd2 f5 10. O-O-O Nxd4 11. Bxd4 1/2-1/2

[Event "2. Bundesliga West"]
[Site "?"]
[Date "????.??.??"]
[Round "8.2"]
[White "Schmidlechner, Alexander"]
[Black "Krstic, Uros"]
[Result "0-1"]
[WhiteElo "2246"]
[BlackElo "2347"]
[PlyCount "72"]
[EventDate "2007.01.28"]
[SourceDate "2006.10.21"]

1. d4 Nf6 2. Nf3 g6 3. Bg5 Bg7 4. Nbd2 c5 5. e3 O-O 6. Be2 b6 7. O-O Bb7 8. c3
d6 9. a4 Nc6 10. Bxf6 Bxf6 11. d5 Nb8 12. e4 a6 13. Qb3 Qc7 14. Nc4 Nd7 15.
Rfd1 Rfb8 16. Na3 Bc8 17. h3 Bg7 18. Re1 Nf8 19. Rad1 Bd7 20. c4 e5 21. Nb1 f5
22. Nc3 Qd8 23. Qc2 h5 24. Bd3 Qf6 25. Kf1 f4 26. Ke2 g5 27. Nh2 g4 28. hxg4
hxg4 29. f3 Ng6 30. Rh1 Nh4 31. Rdg1 Kf7 32. fxg4 Rh8 33. Kd1 Rh7 34. Qf2 Rah8
35. Kc2 Ng6 36. Qf1 Rxh2 0-1

[Event "2. Bundesliga West"]
[Site "?"]
[Date "????.??.??"]
[Round "8.2"]
[White "Bawart, Markus"]
[Black "Gattenloehner, Sebastian"]
[Result "1/2-1/2"]
[WhiteElo "2334"]
[BlackElo "2232"]
[PlyCount "22"]
[EventDate "2007.01.28"]
[SourceDate "2006.10.21"]

1. d4 d5 2. Nf3 Nf6 3. Bg5 Ne4 4. Bf4 c5 5. e3 e6 6. Nbd2 Nc6 7. c3 Nxd2 8.
Qxd2 Bd6 9. Bb5 O-O 10. Bxd6 Qxd6 11. O-O Bd7 1/2-1/2

[Event "2. Bundesliga West"]
[Site "?"]
[Date "????.??.??"]
[Round "8.2"]
[White "Kranz, Armin"]
[Black "Ljubic, Juro"]
[Result "0-1"]
[WhiteElo "2163"]
[BlackElo "2216"]
[PlyCount "70"]
[EventDate "2007.01.28"]
[SourceDate "2006.10.21"]

1. d4 Nf6 2. c4 e6 3. Nf3 Bb4+ 4. Bd2 a5 5. g3 O-O 6. Bg2 d6 7. Nc3 Bxc3 8.
Bxc3 Ne4 9. Rc1 Nc6 10. O-O Qe7 11. Ne5 Nxc3 12. Nxc6 Nxe2+ 13. Qxe2 bxc6 14.
Bxc6 Rb8 15. b3 Bb7 16. Bxb7 Rxb7 17. Rfe1 Qg5 18. f4 Qf6 19. Qe4 Rb4 20. Rb1
a4 21. a3 Rxb3 22. Rxb3 axb3 23. Rb1 c5 24. dxc5 dxc5 25. Rxb3 Qa1+ 26. Rb1
Qxa3 27. Kg2 h6 28. Rb7 Rd8 29. f5 exf5 30. Qxf5 Qa2+ 31. Kh3 Qxc4 32. Rc7 g6
33. Qf6 Re8 34. Qd6 Qf1+ 35. Kh4 g5+ 0-1

[Event "2. Bundesliga West"]
[Site "?"]
[Date "????.??.??"]
[Round "8.2"]
[White "Stoeckl, Norbert"]
[Black "Wallis, Anton"]
[Result "1/2-1/2"]
[WhiteElo "2097"]
[BlackElo "2161"]
[PlyCount "34"]
[EventDate "2007.01.28"]
[SourceDate "2006.10.21"]

1. e4 c5 2. Nf3 d6 3. d4 cxd4 4. Nxd4 Nf6 5. Nc3 a6 6. g3 b5 7. Bg2 Bb7 8. O-O
e6 9. Re1 Qc7 10. Bg5 Be7 11. a4 bxa4 12. Rxa4 O-O 13. Nb3 Nc6 14. h4 h6 15.
Bf4 Nd7 16. Qh5 Rab8 17. Bf1 Nb6 1/2-1/2

[Event "2. Bundesliga West"]
[Site "?"]
[Date "????.??.??"]
[Round "8.3"]
[White "Bezold, Michael"]
[Black "Schmidt, Georg"]
[Result "1-0"]
[WhiteElo "2535"]
[BlackElo "2374"]
[PlyCount "51"]
[EventDate "2007.01.28"]
[SourceDate "2006.10.21"]

1. d4 e6 2. Nf3 Nf6 3. g3 b6 4. Bg2 Bb7 5. O-O d5 6. c4 Bd6 7. Nc3 a6 8. cxd5
exd5 9. Qc2 Nbd7 10. Nxd5 Bxd5 11. e4 Bb7 12. Rd1 Ra7 13. Ne5 Bxe5 14. dxe5 Qc8
15. Be3 Nb8 16. Rac1 Nc6 17. b4 O-O 18. a4 Rd8 19. b5 axb5 20. axb5 Nxe5 21.
Bxb6 Ra8 22. Rxd8+ Qxd8 23. Qxc7 Qc8 24. h3 Nfd7 25. Be3 Nf6 26. Qe7 1-0

[Event "2. Bundesliga West"]
[Site "?"]
[Date "????.??.??"]
[Round "8.3"]
[White "Opl, Klaus"]
[Black "Gaertner, Guntram"]
[Result "1/2-1/2"]
[WhiteElo "2324"]
[BlackElo "2331"]
[PlyCount "36"]
[EventDate "2007.01.28"]
[SourceDate "2006.10.21"]

1. d4 d5 2. Nf3 c6 3. e3 Nf6 4. Bd3 Bg4 5. Nbd2 e6 6. b3 Nbd7 7. Bb2 Be7 8. O-O
O-O 9. c4 Bh5 10. Qc2 Bg6 11. Bxg6 hxg6 12. e4 Nxe4 13. Nxe4 dxe4 14. Qxe4 Qa5
15. Rfd1 Nf6 16. Qe3 Ba3 17. Bxa3 Qxa3 18. Ne5 Rad8 1/2-1/2

[Event "2. Bundesliga West"]
[Site "?"]
[Date "????.??.??"]
[Round "8.3"]
[White "Grabher, Heinz"]
[Black "Enigl, Karl"]
[Result "1/2-1/2"]
[WhiteElo "2311"]
[BlackElo "2141"]
[PlyCount "90"]
[EventDate "2007.01.28"]
[SourceDate "2006.10.21"]

1. e4 c6 2. d4 d5 3. Nc3 dxe4 4. Nxe4 Bf5 5. Ng3 Bg6 6. h4 h6 7. Nf3 Nf6 8. Ne5
Bh7 9. Bc4 e6 10. Qe2 Nd5 11. Bd2 Nd7 12. O-O-O Nxe5 13. dxe5 Qb6 14. Ne4 O-O-O
15. h5 Rd7 16. f4 Be7 17. g4 Rhd8 18. Rhf1 Qc7 19. Bd3 Kb8 20. a3 Ka8 21. c4
Nb6 22. Ba5 c5 23. Bc2 Rd4 24. Bc3 Rxd1+ 25. Rxd1 Rxd1+ 26. Kxd1 Qc6 27. b3 Kb8
28. Kc1 Kc7 29. Nd6 Bxc2 30. Kxc2 f6 31. Nb5+ Kb8 32. exf6 gxf6 33. g5 fxg5 34.
Be5+ Ka8 35. Nc7+ Kb8 36. Nxe6+ Kc8 37. Nc7 Nd7 38. Nd5 Bd8 39. fxg5 Qe6 40.
gxh6 Qxe5 41. Qg4 Qa1 42. h7 Qa2+ 43. Kc3 Qa1+ 44. Kc2 Qa2+ 45. Kc3 Qa1+
1/2-1/2

[Event "2. Bundesliga West"]
[Site "?"]
[Date "????.??.??"]
[Round "8.3"]
[White "Walkner, Olga"]
[Black "Atlas, Dimitry"]
[Result "0-1"]
[WhiteElo "2135"]
[BlackElo "2294"]
[PlyCount "68"]
[EventDate "2007.01.28"]
[SourceDate "2006.10.21"]

1. e4 e6 2. Nf3 d5 3. Nc3 Nf6 4. e5 Nfd7 5. Ne2 c5 6. c3 c4 7. d3 cxd3 8. Nf4
Nc6 9. Nxd3 Be7 10. Be2 O-O 11. O-O f6 12. exf6 Bxf6 13. Nf4 Nc5 14. Be3 Be7
15. g3 Kh8 16. Rc1 b6 17. Bb5 Qc7 18. Nd4 Nd8 19. Qh5 Kg8 20. Nd3 g6 21. Qe2 a6
22. b4 Nxd3 23. Bxd3 e5 24. Nb3 Nf7 25. f3 Ng5 26. Bxg5 Bxg5 27. Rc2 Bb7 28.
Qd1 Rae8 29. c4 d4 30. c5 Be3+ 31. Kg2 e4 32. fxe4 Rxf1 33. Kxf1 Qd7 34. Qf3
Rf8 0-1

[Event "2. Bundesliga West"]
[Site "?"]
[Date "????.??.??"]
[Round "8.3"]
[White "Burschowsky, Matthias"]
[Black "Peterwagner, Heinz"]
[Result "1-0"]
[WhiteElo "2211"]
[BlackElo "2213"]
[PlyCount "79"]
[EventDate "2007.01.28"]
[SourceDate "2006.10.21"]

1. Nf3 g6 2. d4 Bg7 3. e4 d6 4. h3 Nf6 5. Nc3 O-O 6. Be3 Nc6 7. d5 Nb8 8. Be2
e6 9. dxe6 Bxe6 10. O-O Nc6 11. Qd2 Re8 12. Ng5 Bd7 13. Bc4 Re7 14. f4 h6 15.
Nxf7 Rxf7 16. e5 d5 17. exf6 dxc4 18. fxg7 Bf5 19. Qf2 Kxg7 20. g4 Be6 21. Rae1
Qd7 22. Ne4 b6 23. Ng3 Raf8 24. Rd1 Qe7 25. Bd2 Re8 26. Bc3+ Kh7 27. Rde1 Qf8
28. f5 gxf5 29. gxf5 Bd5 30. Rxe8 Qxe8 31. Qf4 Qe7 32. f6 Qe6 33. Nf5 Qe4 34.
Qxh6+ Kg8 35. Qg5+ Kf8 36. Qg3 b5 37. h4 b4 38. Bd2 Be6 39. Bh6+ Ke8 40. Qg8+
1-0